000 03022cam a22005657i 4500
001 23655306
003 JO-AjAnu
005 20241020103312.0
008 240423s2023 cc ab e b 001 0 eng
010 _a 2022439921
015 _aGBC3D0130
_2bnb
016 7 _a021133065
_2Uk
020 _a9781492097402
_q(paperback)
020 _a1492097403
_q(paperback)
035 _a(OCoLC)on1390607935
040 _aUKMGB
_beng
_erda
_cUKMGB
_dDPL
_dMDB
_dYDX
_dBDX
_dNDD
_dOCLCO
_dOCLCL
_dDLC
_dJO-AjAnu
042 _alccopycat
050 0 0 _aQA276.45.R3
_bW53 2023
082 0 4 _a004
_223
082 0 4 _a006.3/12
_223
100 1 _aWickham, Hadley,
_eauthor.
245 1 0 _aR for data science :
_bimport, tidy, transform, visualize, and model data /
_cHadley Wickham, Mine Cetinkaya-Rundel, and Garrett Grolemund.
250 _aSecond edition.
264 1 _aBeijing ;
_aSebastopol, CA :
_bO'Reilly,
_c2023.
300 _axxiii, 548 pages :
_billustrations (some color), map (some color) ;
_c24 cm
336 _atext
_2rdacontent
337 _aunmediated
_2rdamedia
338 _avolume
_2rdacarrier
504 _aIncludes bibliographical references (pages 534-535) and index.
520 _aUse R to turn data into insight, knowledge, and understanding. With this practical book, aspiring data scientists will learn how to do data science with R and RStudio, along with the tidyverse--a collection of R packages designed to work together to make data science fast, fluent, and fun. Even if you have no programming experience, this updated edition will have you doing data science quickly. You'll learn how to import, transform, and visualize your data and communicate the results. And you'll get a complete, big-picture understanding of the data science cycle and the basic tools you need to manage the details. Updated for the latest tidyverse features and best practices, new chapters show you how to get data from spreadsheets, databases, and websites. Exercises help you practice what you've learned along the way.
650 0 _aData mining
_xComputer programs.
650 0 _aInformation visualization
_xComputer programs.
650 0 _aR (Computer program language)
650 0 _aBig data.
650 6 _aExploration de données (Informatique)
_xLogiciels.
650 6 _aVisualisation de l'information
_xLogiciels.
650 6 _aR (Langage de programmation)
650 6 _aDonnées volumineuses.
650 7 _aBig data
_2fast
650 7 _aR (Computer program language)
_2fast
650 7 _aElectronic data processing
_2fast
650 7 _aInformation visualization
_2fast
650 7 _aStatistics
_2fast
700 1 _aÇetinkaya-Rundel, Mine,
_eauthor.
700 1 _aGrolemund, Garrett,
_eauthor.
758 _ihas work:
_aR for data science (Text)
_1https://id.oclc.org/worldcat/entity/E39PCGJkbm6mFMgdp7vJkgjJMq
_4https://id.oclc.org/worldcat/ontology/hasWork
906 _a7
_bcbc
_ccopycat
_d2
_encip
_f20
_gy-gencatlg
942 _2lcc
_cBK
_n0
999 _c33797
_d33797